Top 300 Most Popular Rock Albums on Rate Your Music - Statistics

General Stats
  • This quiz has been taken 252 times
  • The average score is 57 of 300
Answer Stats
No. of Ratings Year of Release Sub-Genre Album % Correct
62,252 1991 Grunge / Alternative Rock Nevermind
76%
102,631 1997 Alternative Rock / Art Rock OK Computer
73%
63,567 1969 Pop Rock Abbey Road
69%
48,628 1993 Grunge / Noise Rock In Utero
66%
80,969 1973 Art Rock / Progressive Rock The Dark Side of the Moon
66%
48,234 1968 Pop Rock The Beatles [White Album]
63%
58,747 1967 Psychedelic Pop / Pop Rock Sgt. Pepper's Lonely Hearts Club Band
59%
84,276 2000 Art Rock / Electronic Kid A
58%
29,077 1991 Heavy Metal Metallica
56%
75,816 2007 Art Rock / Alternative Rock In Rainbows
55%
42,250 1986 Thrash Metal Master of Puppets
55%
60,189 1966 Pop Rock / Psychedelic Pop Revolver
55%
22,721 2013 Indie Rock / Pop Rock AM
54%
36,078 1969 Hard Rock / Blues Rock Led Zeppelin
53%
55,677 1972 Glam Rock / Pop Rock The Rise and Fall of Ziggy Stardust and the Spiders From Mars
53%
33,911 1970 Heavy Metal / Hard Rock Black Sabbath
51%
70,543 1975 Progressive Rock / Art Rock Wish You Were Here
51%
50,683 1970 Heavy Metal / Hard Rock Paranoid
50%
49,315 1979 Rock Opera / Art Rock The Wall
49%
25,214 1996 Alternative Metal Ænima
48%
45,307 1971 Hard Rock Led Zeppelin [IV]
47%
46,081 1965 Pop Rock Rubber Soul
47%
39,296 1984 Thrash Metal Ride the Lightning
46%
66,477 1995 Alternative Rock / Post-Britpop The Bends
46%
32,910 1969 Hard Rock / Blues Rock Led Zeppelin II
45%
25,653 1991 Grunge / Hard Rock / Alternative Rock Ten
45%
28,819 1989 Grunge Bleach
44%
51,382 1977 Progressive Rock / Art Rock Animals
43%
29,045 1970 Hard Rock / Folk Rock Led Zeppelin III
43%
29,612 1970 Pop Rock Let It Be
43%
26,629 1992 Grunge / Alternative Metal Dirt
41%
64,817 1969 Progressive Rock / Art Rock In the Court of the Crimson King
41%
29,549 1969 Pop Rock The Velvet Underground
41%
61,344 1967 Art Rock / Experimental Rock The Velvet Underground & Nico
41%
73,375 1991 Shoegaze / Noise Pop Loveless
39%
20,610 1975 Hard Rock / Art Rock A Night at the Opera
38%
21,841 1994 Pop-Punk Dookie
38%
37,168 1979 New Wave / Punk Rock London Calling
37%
38,539 1993 Alternative Rock Pablo Honey
37%
19,098 1980 Hard Rock Back In Black
36%
17,643 2005 Noise Rock / Stoner Metal Pink
36%
51,780 1986 Jangle Pop / Indie Pop The Queen Is Dead
36%
23,310 1995 Britpop (What's the Story) Morning Glory?
36%
21,909 2004 Pop-Punk / Alternative Rock / Rock Opera American Idiot
35%
20,395 1987 Hard Rock Appetite for Destruction
35%
41,615 1994 Power Pop / Alternative Rock Weezer [Blue Album]
35%
35,794 2016 Art Rock ★ [Blackstar]
34%
33,607 1974 Progressive Rock / Art Rock Red
34%
41,150 1967 Psychedelic Rock The Doors
34%
30,627 1967 Blues Rock / Psychedelic Rock / Acid Rock Are You Experienced
33%
29,805 1977 Art Rock "Heroes"
33%
29,430 1983 Thrash Metal Kill 'Em All
33%
32,405 2001 Alternative Metal Toxicity
33%
51,826 2001 Art Rock / Experimental Rock Amnesiac
32%
36,465 1971 Pop Rock / Glam Rock / Art Rock Hunky Dory
32%
46,369 2001 Garage Rock Revival / Indie Rock Is This It
32%
39,023 1977 Art Rock Low
32%
33,262 1971 Heavy Metal / Traditional Doom Metal Master of Reality
32%
23,771 1975 Hard Rock Physical Graffiti
32%
33,920 1965 Folk Rock / Singer-Songwriter Highway 61 Revisited
31%
29,365 1988 Thrash Metal ...And Justice for All
30%
43,483 1989 Gothic Rock / Post-Punk Disintegration
30%
53,045 1980 New Wave / Post-Punk Remain In Light
30%
18,621 1994 Grunge Superunknown
30%
43,925 2016 Art Pop / Art Rock / Chamber Pop A Moon Shaped Pool
29%
17,274 1994 Britpop Definitely Maybe
29%
28,594 1984 Jangle Pop / Indie Pop The Smiths
29%
28,320 1966 Folk Rock / Singer-Songwriter Blonde on Blonde
28%
28,351 1968 Blues Rock / Psychedelic Rock / Acid Rock Electric Ladyland
28%
25,951 1963 Merseybeat / Pop Rock Please Please Me
28%
29,722 1982 Gothic Rock / Post-Punk Pornography
28%
31,243 1992 Rap Metal Rage Against the Machine
28%
17,297 1976 Punk Rock Ramones
28%
29,174 1976 Art Rock / Funk Rock Station to Station
28%
20,924 1971 Blues Rock Sticky Fingers
28%
34,053 1994 Industrial Rock The Downward Spiral
28%
54,220 1979 Post-Punk Unknown Pleasures
28%
25,018 1975 Singer-Songwriter / Folk Rock Blood on the Tracks
27%
22,797 1990 Noise Rock / Alternative Rock / Post-Punk Goo
27%
66,400 1998 Indie Folk / Indie Rock In the Aeroplane Over the Sea
27%
31,051 1977 Pop Rock / Soft Rock Rumours
27%
37,370 1980 Post-Punk Closer
26%
20,470 2000 Nu Metal / Rap Rock Hybrid Theory
26%
29,420 2001 Alternative Metal / Progressive Metal Lateralus
26%
45,689 2003 Art Rock / Alternative Rock Hail to the Thief
25%
37,599 1971 Progressive Rock Meddle
25%
39,282 2005 Art Pop / Alternative Rock / Trip Hop Demon Days
24%
16,804 1975 Heartland Rock Born to Run
23%
20,623 1999 Alternative Rock Californication
23%
18,021 1972 Blues Rock / Roots Rock Exile on Main St.
23%
24,305 1973 Hard Rock Houses of the Holy
23%
33,244 1996 Alternative Rock / Power Pop / Emo Pinkerton
23%
25,462 1990 Thrash Metal Rust In Peace
23%
30,693 1972 Symphonic Prog / Progressive Rock Close to the Edge
22%
36,267 1988 Noise Rock / Alternative Rock Daydream Nation
22%
18,437 1971 Blues Rock / Psychedelic Rock L.A. Woman
22%
34,946 1977 Art Punk / Art Rock / Post-Punk Marquee Moon
22%
20,207 1977 Punk Rock Never Mind the Bollocks Here's the Sex Pistols
22%
31,283 1993 Alternative Rock Siamese Dream
22%
31,517 2002 Stoner Rock / Alternative Rock Songs for the Deaf
22%
23,309 1977 New Wave / Art Punk Talking Heads: 77
22%
16,395 1977 Punk Rock The Clash
22%
48,884 2000 Post-Rock Lift Yr. Skinny Fists Like Antennas to Heaven!
21%
15,880 2003 Nu Metal / Rap Rock Meteora
21%
45,394 1993 Dream Pop / Shoegaze Souvlaki
21%
47,895 1991 Post-Rock / Post-Hardcore / Math Rock Spiderland
21%
28,874 2000 Alternative Metal White Pony
21%
23,228 1973 Glam Rock / Art Rock Aladdin Sane
20%
30,651 1999 Midwest Emo American Football
20%
45,710 1989 Indie Rock / Alternative Rock Doolittle
20%
20,876 2003 Garage Rock Revival / Alternative Rock / Blues Rock Elephant
20%
32,919 1994 Singer-Songwriter / Alternative Rock Grace
20%
38,290 1990 Dream Pop Heaven or Las Vegas
20%
19,908 1969 Blues Rock Let It Bleed
20%
21,641 2013 Shoegaze / Dream Pop m b v
20%
25,470 1985 Jangle Pop / Indie Pop Meat Is Murder
20%
17,193 1994 Britpop Parklife
20%
20,036 1973 Heavy Metal / Hard Rock Sabbath Bloody Sabbath
20%
23,225 2006 Rock Opera / Pop-Punk / Alternative Rock The Black Parade
20%
37,871 2001 Indie Folk / Psychedelic Folk / Slacker Rock The Glow Pt. 2
20%
32,902 2011 Electronic / Experimental Rock / Neo-Psychedelia The King of Limbs
20%
22,710 1982 NWOBHM / Heavy Metal The Number of the Beast
20%
22,794 1971 Hard Rock Who's Next
20%
22,132 1963 Merseybeat / Pop Rock With The Beatles
20%
16,523 1980 NWOBHM / Heavy Metal Iron Maiden
19%
17,916 1998 Alternative Metal System of a Down
19%
35,804 2002 Post-Punk Revival Turn on the Bright Lights
19%
19,673 1992 Alternative Rock / Pop Rock Automatic for the People
18%
15,896 1974 Glam Rock / Art Rock Diamond Dogs
18%
45,913 2004 Indie Rock / Chamber Pop Funeral
18%
23,028 1970 Proto-Punk / Garage Rock / Hard Rock Fun House
18%
16,226 1999 Industrial Rock / Art Rock / Alternative Rock The Fragile
18%
17,470 1987 Big Music / Alternative Rock / Pop Rock The Joshua Tree
18%
36,415 1967 Psychedelic Rock / Psychedelic Pop The Piper at the Gates of Dawn
18%
16,674 1969 Garage Rock / Proto-Punk The Stooges
18%
31,043 1968 Experimental Rock / Noise Rock / Proto-Punk White Light / White Heat
18%
40,537 2022 Art Rock / Post-Rock / Chamber Pop Ants From Up There
17%
20,377 1967 Psychedelic Rock / Blues Rock Axis: Bold as Love
17%
22,070 1971 Progressive Rock Fragile
17%
30,782 1988 Indie Rock / Alternative Rock Surfer Rosa
17%
25,278 1970 Progressive Rock / Psychedelic Rock Atom Heart Mother
16%
20,635 1981 Art Rock / Progressive Rock / New Wave Discipline
16%
25,261 1979 New Wave / Post-Punk Fear of Music
16%
17,414 1975 Proto-Punk / Singer-Songwriter / Art Rock Horses
16%
20,842 1967 Psychedelic Rock Strange Days
16%
23,094 1989 Baggy / Indie Rock The Stone Roses
16%
23,660 1997 Nu Metal / Alternative Metal Around the Fur
15%
37,645 2008 Post-Punk / Shoegaze Deathconsciousness
15%
20,712 1984 Heavy Metal Powerslave
15%
19,245 1973 Proto-Punk / Garage Rock / Hard Rock Raw Power
15%
25,101 1986 Thrash Metal Reign In Blood
15%
19,536 1964 Merseybeat / Pop Rock Beatles for Sale
14%
20,472 1972 Heavy Metal / Hard Rock Black Sabbath Vol. 4
14%
18,923 1991 Funk Rock / Alternative Rock Blood Sugar Sex Magik
14%
19,600 1972 Country Rock / Folk Rock / Singer-Songwriter Harvest
14%
19,559 1981 Progressive Rock / Hard Rock Moving Pictures
14%
21,334 1977 Punk Rock / Art Punk Pink Flag
14%
18,027 1980 Art Rock / New Wave Scary Monsters (And Super Creeps)
14%
19,624 1973 Progressive Rock / Symphonic Prog Selling England by the Pound
14%
26,424 1996 Experimental Rock / Post-Rock / Experimental Soundtracks for the Blind
14%
17,206 2003 Alternative Metal St. Anger
14%
17,895 1994 Art Rock / Progressive Rock The Division Bell
14%
28,862 2014 Experimental Rock / Post-Rock To Be Kind
14%
22,654 1972 Glam Rock / Pop Rock Transformer
14%
28,927 2006 Indie Rock / Garage Rock Revival Whatever People Say I Am, That's What I'm Not
14%
22,116 2007 Indie Rock / Post-Punk Revival Favourite Worst Nightmare
13%
21,110 2000 Post-Britpop / Pop Rock Parachutes
13%
28,167 2002 Indie Rock / Art Rock Yankee Hotel Foxtrot
13%
17,189 1977 Jazz-Rock / Yacht Rock / Pop Rock Aja
12%
19,578 2002 Post-Britpop / Pop Rock A Rush of Blood to the Head
12%
22,278 1968 Psychedelic Rock A Saucerful of Secrets
12%
26,325 1969 Jazz-Rock / Jazz Fusion Hot Rats
12%
17,969 1983 Jangle Pop / Alternative Rock Murmur
12%
16,281 1993 Alternative Metal Undertow
12%
22,226 1970 Folk Rock / Singer-Songwriter / Country Rock After the Gold Rush
11%
17,402 1970 Pop Rock / Singer-Songwriter / Folk Rock All Things Must Pass
11%
23,192 1994 Indie Rock / Slacker Rock Crooked Rain, Crooked Rain
11%
20,283 1980 Hardcore Punk / Punk Rock Fresh Fruit for Rotting Vegetables
11%
21,720 1973 Progressive Rock / Avant-Prog Larks' Tongues In Aspic
11%
36,636 1996 Neo-Psychedelia / Dream Pop / Progressive Pop Long Season
11%
18,710 1978 New Wave / Post-Punk / Art Punk More Songs About Buildings and Food
11%
19,310 1989 Industrial Rock / Electro-Industrial Pretty Hate Machine
11%
25,864 2007 Dance-Punk / Indietronica / Alternative Dance Sound of Silver
11%
21,257 1983 New Wave / Synth Funk Speaking In Tongues
11%
28,150 1971 Krautrock / Psychedelic Rock / Experimental Rock Tago Mago
11%
21,998 2012 Experimental Rock / Post-Rock The Seer
11%
16,561 1969 Psychedelic Rock / Experimental / Progressive Rock Ummagumma
11%
16,086 2004 Post-Punk Revival / Indie Rock Franz Ferdinand
10%
26,020 2022 Avant-Prog / Brutal Prog Hellfire
10%
19,710 1971 Funk Rock / Psychedelic Rock Maggot Brain
10%
17,454 1996 Alternative Rock / Neo-Psychedelia Odelay
10%
23,775 2003 Garage Rock Revival / Indie Rock / Post-Punk Revival Room on Fire
10%
18,704 1987 Noise Rock / Alternative Rock Sister
10%
21,395 1992 Slacker Rock / Indie Rock / Noise Pop Slanted and Enchanted
10%
16,048 1970 Glam Rock / Hard Rock The Man Who Sold the World
10%
17,236 2004 Emo-Pop / Pop-Punk / Post-Hardcore Three Cheers for Sweet Revenge
10%
18,956 2006 Alternative Metal / Progressive Metal / Progressive Rock 10,000 Days
9%
18,968 1979 Post-Punk / Dance-Punk Entertainment!
9%
36,762 1997 Post-Rock F♯A♯∞
9%
18,510 2013 Alternative Rock ...Like Clockwork
9%
20,518 1970 Pop Rock Loaded
9%
17,053 2005 Alternative Metal Mezmerize
9%
18,414 1980 Post-Punk / Gothic Rock Seventeen Seconds
9%
24,075 2013 Blackgaze / Post-Metal Sunbather
9%
30,167 2018 Indie Rock Twin Fantasy
9%
16,271 2011 Slacker Rock Twin Fantasy
9%
21,295 1965 Folk Rock / Singer-Songwriter / Contemporary Folk Bringing It All Back Home
8%
20,041 2000 Stoner Metal / Doom Metal Dopethrone
8%
29,944 2021 Post-Rock / Experimental Rock / Post-Punk For the First Time
8%
22,388 1973 Krautrock Future Days
8%
25,799 1991 Post-Rock Laughing Stock
8%
16,363 2000 Stoner Rock / Alternative Rock Rated R
8%
18,360 1990 Post-Hardcore Repeater
8%
19,086 1987 Jangle Pop / Indie Pop Strangeways, Here We Come
8%
21,550 1995 Technical Death Metal Symbolic
8%
24,444 1997 Indie Rock The Lonesome Crowded West
8%
16,670 2006 Alternative Rock Black Holes and Revelations
7%
22,266 1967 Psychedelic Pop / Psychedelic Rock / Baroque Pop Forever Changes
7%
16,174 1974 Art Rock / Glam Rock / Experimental Rock Here Come the Warm Jets
7%
23,269 2007 Indie Rock Neon Bible
7%
23,838 1985 Singer-Songwriter / Experimental Rock Rain Dogs
7%
26,205 2019 Noise Rock / Math Rock / Experimental Rock Schlagenheim
7%
17,408 2017 Dream Pop / Shoegaze Slowdive
7%
25,670 1998 Slowcore / Slacker Rock Stratosphere
7%
17,029 1985 Post-Punk / New Wave / Alternative Rock The Head on the Door
7%
18,513 1997 Neo-Psychedelia / Art Rock The Mollusk
7%
21,876 2008 Electronic / Experimental Rock Third
7%
21,552 2010 Dance-Punk / Indietronica / Alternative Dance This Is Happening
7%
28,223 2003 Glitch Pop / IDM / Shoegaze Velocity : Design : Comfort
7%
20,322 1987 Noise Rock / Slacker Rock / Indie Rock You're Living All Over Me
7%
26,407 2018 Noise Rock / Industrial Rock You Won't Get What You Want
7%
17,151 2003 Alternative Rock Absolution
6%
24,595 1975 Art Rock / Ambient Another Green World
6%
22,853 1996 Chamber Pop / Twee Pop If You're Feeling Sinister
6%
17,111 1994 Stoner Rock / Stoner Metal Kyuss [Welcome to Sky Valley]
6%
16,017 1994 Alternative Rock / Gothic Rock Let Love In
6%
26,536 2012 Neo-Psychedelia / Psychedelic Rock Lonerism
6%
23,918 2010 Dream Pop / Indie Pop Teen Dream
6%
23,495 2010 Indie Rock The Suburbs
6%
16,894 2008 Indie Pop / Indie Rock Vampire Weekend
6%
19,010 2001 Progressive Metal Blackwater Park
5%
26,269 2012 Dream Pop / Indie Pop Bloom
5%
18,680 2003 Post-Metal / Drone Metal / Drone Boris at Last -Feedbacker-
5%
24,608 2021 Avant-Prog Cavalcade
5%
20,786 2015 Dream Pop Depression Cherry
5%
21,704 1972 Krautrock Ege Bamyası
5%
16,525 1986 Noise Rock / Experimental Rock EVOL
5%
23,527 1996 Atmospheric Black Metal / Ambient Filosofem
5%
20,481 1983 Noise Rock / No Wave / Industrial Rock Filth
5%
24,071 1988 Noise Pop / Shoegaze Isn't Anything
5%
19,579 2001 Mathcore / Metalcore Jane Doe
5%
26,009 1995 Alternative Rock Mellon Collie and the Infinite Madness
5%
20,388 2016 Psychedelic Rock / Garage Rock Nonagon Infinity
5%
23,207 1983 Synthpop / New Wave / Post-Punk Power, Corruption & Lies
5%
21,151 2016 Indie Rock Teens of Denial
5%
15,887 1995 Post-Punk / Experimental Rock / Gothic Rock The Great Annihilator
5%
22,627 1984 Dream Pop / Ethereal Wave Treasure
5%
16,658 1983 Folk Punk / Alternative Rock / Acoustic Rock Violent Femmes
5%
17,837 1999 Singer-Songwriter / Piano Rock / Alternative Rock When the Pawn
5%
20,368 2003 Progressive Rock / Post-Hardcore De-Loused In the Comatorium
4%
16,298 2005 Progressive Rock / Experimental Rock / Art Rock Frances the Mute
4%
21,084 1997 Space Rock Revival / Neo-Psychedelia / Art Rock Ladies and Gentlemen We Are Floating In Space
4%
18,181 2001 Indie Rock / Post-Hardcore Leaves Turn Inside You
4%
16,279 1996 Slacker Rock / Psychedelic Folk / Indie Folk On Avery Island
4%
18,153 1997 Indie Rock / Art Rock Perfect From Now On
4%
18,787 1985 Noise Pop / Post-Punk Psychocandy
4%
18,827 2006 Emo / Indie Rock The Devil and God Are Raging Inside Me
4%
24,041 2020 Indie Rock The New Abnormal
4%
20,060 1969 Experimental Rock Trout Mask Replica
4%
16,812 2023 Alternative Rock / Hyperpop 10,000 gecs
3%
34,478 1999 Post-Rock Ágætis byrjun
3%
16,108 2021 Art Punk / Post-Punk / Experimental Rock Bright Green Field
3%
16,409 1981 Experimental Rock / Post-Punk Deceit
3%
17,214 1999 Indie Rock Emergency & I
3%
16,067 2004 Indie Rock Good News for People Who Love Bad News
3%
17,906 1997 Indie Rock I Can Hear the Heart Beating as One
3%
16,662 1990 Shoegaze Nowhere
3%
19,182 2001 Alternative Rock / Art Rock Origin of Symmetry
3%
20,880 2000 Post-Hardcore Relationship of Command
3%
23,184 1988 Post-Rock / Art Rock Spirit of Eden
3%
20,919 2000 Indie Rock The Moon & Antarctica
3%
18,574 2009 Indie Pop / Dream Pop / Indie Rock You Will Never Know Why
3%
16,204 2007 Indie Rock / Post-Punk Revival Boxer
2%
17,802 2013 Dream Pop / Neo-Psychedelia / Shoegaze Ceres & Calypso In the Deep Time
2%
18,723 2015 Noise Rock / Experimental Hip-Hop / Industrial Hip-Hop Jenny Death: The Powers That B Disc 2
2%
20,526 2021 Shoegaze / Emo To See the Next Part of the Dream
2%
17,257 1991 Gothic Rock / Neofolk White Light From the Mouth of Infinity
2%
15,888 2012 Post-Rock 'Allelujah! Don't Bend! Ascend!
1%
16,155 2022 Indie Pop / Shoegaze / Noise Pop Blue Rev
1%
19,377 2022 Indie Folk / Folk Rock Dragon New Warm Mountain I Believe In You
1%
15,983 2010 Neo-Psychedelia / Indie Rock Halcyon Digest
1%
17,227 2010 Psychedelic Rock / Neo-Psychedelia Innerspeaker
1%
16,246 2018 Post-Punk / Post-Hardcore Joy as an Act of Resistence.
1%
16,751 1991 Dream Pop / Shoegaze Just for a Day
1%
17,814 2014 Jangle Pop / Psychedelic Pop / Bedroom Pop Salad Days
1%
19,403 2002 Post-Rock () (Svigaplatan)
1%
16,804 2020 Neo-Psychedelia / Art Rock Heaven to a Tortured Mind
0%
19,407 2023 Neo-Psychedelia / Psychedelic Rock Let's Start Here.
0%
20,803 2018 Twee Pop / Indie Pop Time 'n' Place
0%
18,281 2002 Post-Rock Yanqui U.X.O.
0%
No matching quizzes found
Score Distribution
Percent of People with Each Score
Percentile by Number Answered
Your Score History
You have not taken this quiz